000 00518nam a22001937a 4500
005 20260406160741.0
008 260406b |||||||| |||| 00| 0 eng d
037 _cDSWL
040 _aDSWL
_cDSWL
041 _heng
084 _aYX,ZB N68;2
100 _aForen, R
245 _aAuthority in social case work
260 _aLondon,
_bPergamon Press,
_c1968
300 _aXXI+310p
700 _aR Bailey
_91234164
942 _2CC
_cTEXL
_hYX,ZB N68;2
_n0
999 _c1848004
_d1848004